000 01175cas a22003617a 4500
001 data
005 20260322212115.0
008 data
035 _a11414082
906 _a7
_bcbc
_cserials
_du
_encip
_f19
_gn-oclcserc
010 _asf 93092489
016 7 _a980374731
_2DE-101
016 7 _a2241544-0
_2DE-600
035 _a(OCoLC)12774608
040 _aDPL
_beng
_cDPL
_dOCLCQ
_dOCLCQ
_dGWDNB
_dOCLCQ
_dOCLCF
_dOCLCO
_dOCLCQ
042 _apcc
050 0 0 _aPulp fiction box 157
245 0 0 _aPeople's story magazine.
260 _aNew York :
_bStreet & Smith Corp.
300 _avolumes :
_billustrations ;
_c26 cm
310 _aSemimonthly
336 _atext
_btxt
_2rdacontent
337 _aunmediated
_bn
_2rdamedia
338 _avolume
_bnc
_2rdacarrier
588 _aDescription based on: Vol. 37, no. 4 (Mar. 10, 1922); title from cover.
650 0 _aAdventure stories
_vPeriodicals.
650 7 _aAdventure stories.
_2fast
_0(OCoLC)fst00797462
655 7 _aPeriodicals.
_2fast
_0(OCoLC)fst01411641
780 0 0 _tPeople's favorite magazine
785 0 0 _tPeople's
_w(OCoLC)12774688
_w(OCoLC)12774688
991 _bc-Ser
_hPulp fiction box 157
_wSERIALS
999 _c1735
_d1735